| 000 | 02906cam a2200325 i 4500 | ||
|---|---|---|---|
| 003 | SA-RiAUC | ||
| 005 | 20241123165241.0 | ||
| 008 | 241123s2010 sy g 000 0 ara c | ||
| 024 | 0 | _a00000000973778 | |
| 024 | 0 | _a00000000973777 | |
| 040 |
_aSA-JuJU _bara _cSA-RiAUC _dAE-DuMBRL _erda |
||
| 050 | 4 | _b.H36 2010 | |
| 082 | 0 | 4 |
_a253 _qSA-RiAUC |
| 090 |
_a253 _bح م ا |
||
| 100 | 1 |
_aحماد، نزيه كمال _eمؤلف. |
|
| 245 | 1 | 0 |
_aفي فقه المعاملات المالية والمصرفية المعاصرة : _bقراءة جديدة / _cتأليف الدكتور نزيه كمال حماد. |
| 250 | _aالطبعة الثانية. | ||
| 264 | 1 |
_aدمشق : _aبيروت : _bدار القلم ؛ _bالدار الشامية، _c2010. |
|
| 264 | 2 |
_aجدة [السعودية] : _bدار البشير |
|
| 300 |
_a432 صفحة ؛ _c24 × 17 سم |
||
| 336 |
_aنص _btxt _2rdacontent _3كتاب |
||
| 337 |
_aبدون وسيط _bn _2rdamedia |
||
| 338 |
_aمجلد _bnc _2rdacarrier |
||
| 520 | _aيتناول كتاب (في فقه المعاملات المالية والمصرفية المعاصرة) والذي قام بتأليفه د. نزيه حماد، موضوع (فقه المعاملات) هذا الكتاب يقدم قراءة جديدة في فقه قضايا معاصرة، تخص المعاملات المالية الراهنة، تترتب عليها آثار ونتائج خطيرة بأعمال المصارف الإسلامية القائمة، على نهج التجديد في الدين. تعتمد هذه القراءة على ما ثبت في نصوص الكتاب والسنة، النظر في آراء الفقهاء واختلافهم في المسائل الاجتهادية، والتبصر في أدلتهم وحججهم، واختيار الأقوى والأرجح من آرائهم ومذاهبهم. ومن ضمن الموضوعات التي تناولها الكتاب: المفهوم الإصطلاحي للربا بين دلالات النصوص وتقسيمات الفقهاء، التورق وتطبيقاته المعاصرة المعاوضة عن الالتزام بصرف العملات في المستقبل، عقود الإذعان، ضمان الودائع الاستثمارية في البنوك الإسلامية بالشرط، المقاصة بين الفوائد الدائنة والمدينة واختلافها عن تبادل القروض، صكوك الإجارة وتطبيقاتها المعاصرة، الهيئات الشرعية في البنوك الإسلامية وموضوعات أخرى كثيرة. | ||
| 650 | 7 |
_aالمعاملات (فقه إسلامي) _2aucsh |
|
| 650 | 7 |
_aالإسلام والبنوك _2aucsh |
|
| 942 |
_2ddc _cBOOK _n0 |
||
| 949 |
_aSA-JeALM _d241123 _umohamedma123 _n1 |
||
| 999 |
_c2660 _d2660 |
||